Movies Quiz

Random Movies or Color Quiz

Names of Robots in Transformers 2 Quiz Stats

 Plays Quiz not verified by Sporcle

Also try: Movies Set At Sea
Challenge
Share
Tweet
Embed
Score 0/34 Timer 10:00
0 Plays Today
Occupation and Some Info Name of Robots % Correct
Autobot Leader (#1)Optimus Prime
94.5%
Sam's Protector (#3)Bumblebee
94.1%
Autobot Weapons SpecialistIronhide
90.1%
Used to be Decepticon LeaderMegatron
86.5%
Autobot Medical OfficerRatchet
85.3%
Decepticon LieutenantStarscream
80.2%
Decepticon to AutobotJetfire
74.5%
Decepticon LeaderThe Fallen
73.9%
Autobot Warrior with 2 swords (#5)Sideswipe
71.2%
Autobot WarriorMudflap
67.8%
Decepticon Communications OfficerSoundwave
66.9%
Autobot Warrior - Gender: FemaleArcee
66.1%
Decepticon to AutobotWheelie
63.4%
Autobot WarriorSkids
63.2%
Huge Decepticon Warrior (#24)Devastator
59.2%
Autobot Warrior nicknamed Electro WhipJolt
56.4%
Decepticon WarriorRavage
52%
Occupation and Some Info Name of Robots % Correct
Head of #24Mixmaster
46.5%
Decepticon DoctorScalpel
43.8%
Autobot Warrior - Gender: FemaleChromia
43.6%
Right Leg of #24Long Haul
43.2%
Deception WarriorSideways
40.6%
Left Leg of #24Rampage
40.4%
Dead Decepticon Now AliveBonecrusher
40%
Decepticon Warrior disguised as a humanAlice
40%
Right Arm of #24Scrapper
37.7%
Autobot Warrior - Gender: FemaleElita One
35.4%
Decepticon WarriorGrindor
35.4%
Decepticon WarriorDemolisher
35.4%
Decepticon Dead Now AliveBlackout
34.9%
Body of #24Scavenger
32.8%
Left Arm of #24Hightower
29.9%
Back of #24Overload
26.7%
Decepticon Warrior that is as thin as paperReedman
25.3%

You're not logged in!

Compare scores with friends on all Sporcle quizzes.
OR
Log In

You Might Also Like...

Show Comments

Extras

Top Quizzes Today


Score Distribution

Your Account Isn't Verified!

In order to create a playlist on Sporcle, you need to verify the email address you used during registration. Go to your Sporcle Settings to finish the process.

Report this User

Report this user for behavior that violates our Community Guidelines.

Details: